00858cam a2200253 450000100060000000300080000600500170001400800410003103500190007204000270009104100080011808200260012610000220015224500680017426000470024230000250028935000100031450400200032465000290034465100540037394200120042799900170043995201480045632809BD-RjUL20211209051910.0140428s1968 pk 001 0 eng d a(BD-RjUL)32899 aDLCcDLCdBD-RjULbeng aeng00a327.091767bHAI 19681 aHaq, Inamul9510810aIslamic block : the way to honour, power & peace /cHaq, Inamul aKarachi :bdistributors: S. M. Mir,c1968. axi, 188 p. ;c23 cm. a12.50 aIncludes index. aIslamic countries999762 0aIslamic countriesxPolitics and government.95109 2ddccBK c32809d32809 00102ddc40708NFICaRUCLbRUCLcStackd1968-09-03eRoyal Book Co.g10.00l0o327.091767 HAI 1968r2014-04-28 00:00:00tC-2w2014-04-28yBK